000
00262 a2200121 4500
001
149992
040
_c
Escola São Tomás de Aquino
100
_a
MURRAY, Roseana
240
1
0
_a
Fruta no ponto
_l
por
245
1
0
_a
Fruta no ponto
697
_a
Poesia
942
_c
BK
999
_c
149992
_d
149992